Creepy Crawlies/ (Record no. 214387)
[ view plain ]
| 000 -LEADER | |
|---|---|
| fixed length control field | 00569nam a22002057a 4500 |
| 005 - DATE AND TIME OF LATEST TRANSACTION | |
| control field | 20260121125133.0 |
| 010 ## - LCCN (DPL NO) | |
| LC control number | ENG-147598 |
| 020 ## - INTERNATIONAL STANDARD BOOK NUMBER | |
| International Standard Book Number | 9789357319874 |
| Terms of availability | 399.00 |
| 035 ## - SYSTEM CONTROL NUMBER | |
| System control number | EN-131130 |
| 037 ## - SOURCE OF ACQUISITION | |
| Source of stock number/acquisition | DBAD |
| 082 ## - DEWEY DECIMAL CLASSIFICATION NUMBER | |
| Classification number | S |
| Edition number | 1 |
| 100 ## - MAIN ENTRY--PERSONAL NAME | |
| Personal name | Sharma, Kanika |
| 245 ## - TITLE STATEMENT | |
| Title | Creepy Crawlies/ |
| Statement of responsibility, etc | Kanika Sharma |
| 250 ## - EDITION STATEMENT | |
| Edition statement | 1 |
| 260 ## - PUBLICATION, DISTRIBUTION, ETC. (IMPRINT) | |
| Place of publication, distribution, etc | Gurugram |
| Name of publisher, distributor, etc | Hachette Book Publishing Pvt. Ltd. |
| Date of publication, distribution, etc | 2025 |
| 270 ## - ADDRESS | |
| Address | 4th&5th Floors, Corporate Centre Plot No. 94, Sector 44, |
| City | Gurugram |
| Postal code | 122003 |
| 300 ## - PHYSICAL DESCRIPTION | |
| Extent | 128p. |
| Dimensions | 20cm(pb) |
| 760 ## - MAIN SERIES ENTRY | |
| Edition | 1 |
| 942 ## - ADDED ENTRY ELEMENTS (KOHA) | |
| Source of classification or shelving scheme | Dewey Decimal Classification |
| Item type | English Books |
| Classification part | S |
| Call number suffix | SHA |
| Edition | 1 |
| Withdrawn status | Lost status | Not for loan | Collection code | Home library | Current library | Date acquired | Source of acquisition | Cost, normal purchase price | Full call number | Barcode | Copy number | Cost, replacement price | Koha item type |
|---|---|---|---|---|---|---|---|---|---|---|---|---|---|
| Fiction | Central Jail Tihar | Central Jail Tihar | 21/01/2026 | Delivery of Books Act Division | 399.00 | S SHA | EN-131130 | 1 | 399.00 | English Books |
